[Event "Wattens op 15th"]
[Site "Wattens"]
[Date "2000.09.02"]
[Round "8"]
[White "Fuchs, Thomas"]
[Black "Schreiner, Hermann"]
[Result "1-0"]
[WhiteElo "1579"]
[BlackElo "1728"]
[PlyCount "57"]
[EventDate "2000.08.26"]
[EventType "swiss"]
[EventRounds "9"]
[EventCountry "AUT"]
[SourceTitle "EXT 2001"]
[Source "ChessBase"]
[SourceDate "2000.11.22"]
[SourceVersion "1"]
[SourceVersionDate "2000.11.22"]
[SourceQuality "1"]

1. e4 e5 2. Nf3 Nc6 3. Bc4 Be7 4. Nc3 Nf6 5. d3 d6 6. h3 0-0 7. Be3 Na5 8. Bb3 c6 9. Ne2 Nxb3 10. axb3 Qc7 11. Qd2 b6 12. g4 Be6 13. Ng3 d5 14. Qc1 dxe4 15. dxe4 c5 16. g5 Ne8 17. Nf5 Bd6 18. h4 g6 19. Nh6+ Kh8 20. Ke2 Ng7 21. c4 a5 22. Qc3 Rae8 23. Rad1 Nh5 24. Rd3 f6 25. Rhd1 Rd8 26. gxf6 Nxf6 27. Ng5 Bg4+ 28. f3 Qg7 29. fxg4 1-0

[Event "Wattens op 15th"]
[Site "Wattens"]
[Date "2000.08.31"]
[Round "6"]
[White "Gretzinger, Heinz"]
[Black "Schreiner, Hermann"]
[Result "1-0"]
[WhiteElo "1765"]
[BlackElo "1728"]
[PlyCount "105"]
[EventDate "2000.08.26"]
[EventType "swiss"]
[EventRounds "9"]
[EventCountry "AUT"]
[SourceTitle "EXT 2001"]
[Source "ChessBase"]
[SourceDate "2000.11.22"]
[SourceVersion "1"]
[SourceVersionDate "2000.11.22"]
[SourceQuality "1"]

1. d4 Nf6 2. Nf3 g6 3. c4 Bg7 4. Nc3 d6 5. Bg5 0-0 6. e4 Bg4 7. Be2 h6 8. Be3 Nbd7 9. 0-0 e5 10. d5 b6 11. b4 a5 12. a3 Nh7 13. Nd2 Bxe2 14. Qxe2 Qc8 15. c5 bxc5 16. bxc5 f5 17. f3 f4 18. Bf2 dxc5 19. Na4 c6 20. dxc6 Qxc6 21. Qc4+ Kh8 22. Nxc5 Nxc5 23. Bxc5 Rfc8 24. Rfc1 Qa6 25. Qxa6 Rxa6 26. Rc4 Rac6 27. Rac1 Ng5 28. Be7 Rxc4 29. Rxc4 Re8 30. Bxg5 hxg5 31. Rc5 Rd8 32. Rd5 Rxd5 33. exd5 Kg8 34. Kf1 Bf8 35. Nc4 a4 36. Ke2 Kg7 37. Kd3 Kf6 38. Ke4 Bc5 39. Nb2 Bxa3 40. Nxa4 Bb4 41. Nb6 Bd6 42. Nd7+ Ke7 43. Nxe5 Kf6 44. Ng4+ Kf7 45. Kd4 Ke7 46. Nf2 Ba3 47. Ne4 Bb2+ 48. Kc5 Ba3+ 49. Kc6 Bb4 50. Nxg5 Kf6 51. Ne4+ Kf5 52. d6 g5 53. h3 1-0

[Event "Wattens op 15th"]
[Site "Wattens"]
[Date "2000.08.29"]
[Round "4"]
[White "Rabl, Rudolf"]
[Black "Schreiner, Hermann"]
[Result "1/2-1/2"]
[WhiteElo "1513"]
[BlackElo "1728"]
[PlyCount "31"]
[EventDate "2000.08.26"]
[EventType "swiss"]
[EventRounds "9"]
[EventCountry "AUT"]
[SourceTitle "EXT 2001"]
[Source "ChessBase"]
[SourceDate "2000.11.22"]
[SourceVersion "1"]
[SourceVersionDate "2000.11.22"]
[SourceQuality "1"]

1. f4 d5 2. Nf3 Nc6 3. e3 e5 4. fxe5 Bg4 5. d4 Nge7 6. Be2 Ng6 7. 0-0 Be7 8. c4 0-0 9. cxd5 Qxd5 10. Nc3 Qd7 11. a3 a6 12. b4 Rad8 13. h3 Bxh3 14. gxh3 Qxh3 15. Nh2 Ncxe5 16. Bg4 1/2-1/2